000 00394cam a2200145ua 4500
020 _a8183211216
082 _a660.284
_bDHA/AG
100 _aDhamsaniya, N K .
_91346
100 _aDabhi, M N .
_91347
245 _aAgricultural Process Engineering: Numerical Problems /
250 _a1
260 _aUdaypur :
_bAgro-tech Publishing Academy ,
_c2008.
300 _a248 ;
_eCD.
942 _cBK
999 _c13263
_d13263